[Event "Gibraltar Masters 11th"]
[Site "Caleta"]
[Date "2013.01.29"]
[Round "8"]
[White "Tkachiev, Vladislav"]
[Black "Vachier Lagrave, Maxime"]
[Result "0-1"]
[WhiteElo "2650"]
[BlackElo "2713"]
[Annotator "Krasenkow,M"]
[PlyCount "112"]
[EventDate "2013.01.22"]
[EventType "swiss"]
[EventRounds "10"]
[EventCountry "GGB"]
[SourceTitle "CBM 153"]
[Source "ChessBase"]
[SourceDate "2013.03.14"]
[SourceVersion "1"]
[SourceVersionDate "2013.03.14"]
[SourceQuality "1"]

1. d4 Nf6 2. c4 g6 3. g3 c6 4. Nf3 Bg7 5. Bg2 d5 6. b3 O-O 7. O-O dxc4 8. bxc4
c5 $1 9. Bb2 (9. e3 {is more principled}) 9... cxd4 10. Nxd4 Qb6 $1 {This line
was examined in a survey by GM L.Ftacnik in Lexicon07. Black doesn't face any
problems.} 11. Qb3 Na6 (11... Nfd7 {is played more often but the text move is
probably more logical.}) 12. Qxb6 $6 {Opening up the a-file for Black's rook
is hardly a good decision; Black's double b-pawns don't compensate for that.} (
12. Nd2 Rd8 (12... Nc5 13. Qa3 Bd7 14. Rab1 Rac8 15. N4b3 Nxb3 16. axb3 Rfd8
17. Bc3 Bc6 18. Bxc6 Qxc6 19. Nf3 {0-1 (72) Malich,B (2405)-Seul,G (2440)
Germany 1995} Qe6 $11) 13. Rab1 Ng4 14. N4f3 Qxb3 15. axb3 Nb4 16. Ne4 Bxb2 17.
Rxb2 b6 18. h3 Bb7 19. Nfd2 Ne5 20. Nf6+ exf6 21. Bxb7 Rab8 22. Bg2 f5 $11 {
1/2 (31) Taimanov,M (2505)-Kochyev,A (2455) St Petersburg 1995}) 12... axb6 13.
Nb5 (13. Nc3 Nc5 14. Rfc1 Nfd7 15. Nb3 Ne5 16. Nd1 Ra4 17. Nc3 Ra8 18. Nd1 Bg4
19. Nxc5 bxc5 20. f4 Nc6 21. Bxg7 Kxg7 22. Bxc6 bxc6 23. Kf2 Ra3 $15 {/= 1/2 
(58) Espig,L (2420)-Knaak,R (2525) Dresden 1985}) 13... Nc5 14. Nd2 (14. Rd1
Be6 15. Nd2 Rfc8 $15) 14... Bg4 15. Rfe1 Rfc8 16. Nb3 (16. Bd4 $5 $15) 16...
Ra4 17. Nxc5 Rxc5 18. e3 $6 {Losing a pawn. White could have maintained the
material balance after} (18. Bxb7 Rcxc4 19. Rad1 $1 h5 $1 $15 (19... Rxa2 20.
Bxf6 Bxf6 21. Bd5) (19... Nd7 20. Bxg7 Kxg7 21. Bd5 Rc5 22. Bb3 $11)) 18...
Rcxc4 19. Bd4 Rc2 20. Bxb6 Bd7 21. Nd4 Rcxa2 22. Rab1 Ng4 $6 (22... e5 $5 23.
Nb5 Bf5 24. Rbd1 Nd7 25. Bd8 e4 $15) 23. Rf1 Bh6 24. Nb5 Rc2 25. h3 Ne5 26. Nd4
Rca2 27. Nb5 (27. Bd8 $1 Bf8 28. Rxb7 $11) 27... Rd2 28. Nc3 Rc4 29. Bd4 Nc6
30. Ne4 Rdc2 31. Bb6 Bf8 32. g4 Bc8 33. Ra1 (33. Rfd1 $5) 33... Rb4 34. Rfb1
Rxb1+ 35. Rxb1 Bg7 {Black has big technical difficulties converting his extra
pawn but finally, opening up a second front on the kingside, he succeeds.} 36.
Rd1 (36. Nc5 $5 {[%cal Yg2e4]}) 36... Bb2 37. Rd3 h5 $1 {[%mdl 32]} 38. gxh5
gxh5 39. Rd5 h4 40. Ng5 Kg7 41. Be4 Rc4 42. Bg2 Ne5 43. Nf3 $6 {White
unnecessarily gives up his h3 pawn, and Black's h4 pawn will now be strong.} (
43. Ne4 $142 Bxh3 $140 44. Bxh3 Rxe4 45. Rb5 {soon recapturing the b7 pawn,
and without a light-squared bishop it will be hard for Black to make progress.}
) 43... Nxf3+ 44. Bxf3 Bxh3 45. Rb5 Bf6 46. Bxb7 Bd7 47. Rb1 Bf5 48. Rb5 Bd3
49. Rb3 Rc1+ 50. Kg2 Bf1+ 51. Kf3 $2 {[%mdl 16384]} (51. Kh2 $8 Rc2 52. Kg1 {
still firmly defending.}) 51... Bh3 $1 $19 {[%csl Rf3,Gh4] Cutting White's
king off from Black's h4-pawn and securing its advance.} 52. Rb4 Rg1 {[%cal
Rh3g2]} 53. Ke2 Bf1+ 54. Kd2 h3 55. Bc7 e5 56. f4 Rg2+ 0-1

[Event "Paris FIDE GP"]
[Site "Elancourt"]
[Date "2013.09.27"]
[Round "5"]
[White "Giri, Anish"]
[Black "Bacrot, Etienne"]
[Result "0-1"]
[WhiteElo "2737"]
[BlackElo "2723"]
[Annotator "Marin,M"]
[PlyCount "88"]
[EventDate "2013.09.22"]
[EventType "tourn"]
[EventRounds "11"]
[EventCountry "FRA"]
[EventCategory "20"]
[SourceTitle "CBM 157"]
[Source "ChessBase"]
[SourceDate "2013.11.12"]
[SourceVersion "1"]
[SourceVersionDate "2013.11.12"]
[SourceQuality "1"]

1. Nf3 ({The first time I saw the original queen manoeuvre from this game was
on my first participation in an Interzonal, a quarter of a century ago:} 1. c4
c5 2. g3 g6 3. d4 $5 cxd4 4. Qxd4 Nf6 5. Nc3 Bg7 6. Bg2 Nc6 7. Qd2 O-O 8. Nh3
$6 Na5 $1 9. Qf4 $5 d6 $15 {Ljubojevic,L (2625)-Adorjan,A (2540) Szirak 1987
CBM 003 [Ftacnik,L] (1/2, 49). I remember that until the end of the tournament
Adorjan was trying to convince Ljubojevic that Black had had an advantage...})
1... Nf6 2. c4 g6 3. g3 Bg7 4. Bg2 c5 5. Nc3 O-O 6. d4 cxd4 7. Qxd4 $5 {
This way of capturing on d4 is typical for the 2...d6 Sicilians. In that case,
...Nb8-c6 can be met with Bb5, gaining time for the development. Here, White
does not have this resource, but the idea looks playable anyway.} (7. Nxd4 {
is played almost automatically.}) 7... Nc6 8. Qh4 Qa5 (8... d6 9. O-O Bg4 10.
Bh6 Bxf3 11. exf3 {is somewhat too simplistic to equalise completely.} Qb6 12.
b3 Qd4 13. Qxd4 Nxd4 14. Bxg7 Kxg7 15. f4 Rab8 16. Rad1 Nc6 17. Rfe1 $14 {
Shengelia,D (2547)-Miroshnichenko,E (2667) Austria 2008 (1/2, 20)}) 9. O-O Qh5
(9... Ne5 10. Nd5 Nxd5 11. cxd5 Nxf3+ 12. Bxf3 Re8 13. d6 exd6 14. Rd1 $14 {
Van Wely,L (2585)-Giardelli,S (2445) Buenos Aires 1995 CBM 049 [Ribli] (1-0,
24)}) 10. Qxh5 Nxh5 $14 {This is a typical English Maroczy position, with the
important detail that the queens are missing. Logically, this allows both
sides to advance the kingside pawns somewhat more freely than with the queens
on the board. However, the essence of the position is the same: White has a
space advantage and the better chances! Black needs some effort to build up
his counterplay, but at the same time his position is quite solid and hard to
break.} 11. Bd2 $146 (11. Nd5 {Tobisch,J-Matthews,S Kingston 1997 (0-1, 50)})
11... d6 12. Rac1 Be6 13. b3 Nf6 14. Rfd1 Rfc8 15. Ne1 $1 {The start of an
effective regrouping. From d3, the knight will control several important
squares.} Bd7 16. Nd3 b6 17. h3 {The start of a gradual gaining of space.} Rab8
18. f4 Be8 19. e3 a6 ({Giri criticised this move and suggested} 19... Nd7 {
However, after} 20. b4 {it is not obvious how Black should continue.}) 20. g4
h6 ({Giri's point was that with the pawn on a6} 20... Nd7 $2 {runs into} 21.
Bxc6 Rxc6 22. Nb4 $16 {winning a pawn.}) 21. Rc2 {Preparing to double rooks on
the c-file, in anticipation of the thematic break ...b6-b5.} g5 $5 {An
interesting approach. There is not much to be done in the centre yet, so
Bacrot decides to undermine the white domination with the help of his knight
pawns. Between them, he must have considered the advance of the g-pawn as less
committal. This plan will gradually reduce White's advantage and would even
offer him the chance to go wrong...} (21... b5 {would offer White a clear plan
of reacting:} 22. cxb5 axb5 23. Rdc1 e6 24. Ne2 Ne7 (24... d5 25. f5 $5 $36)
25. Nb4 (25. Bb4 Rxc2 26. Rxc2 Ned5 27. Bxd6 Nxe3) 25... d5 26. Bc3 $14 {
Black has not improved his position too much. White is well regrouped and
controls all the important squares. In the long run, Black has to reckon with
a dangerous white passed a-pawn.}) 22. Ne2 {Another nice regrouping move.} e6 {
Creating the additional potential threat ...d6-d5.} 23. Bc3 b5 {The tension
has reached its highest point and White has to take a decision.} 24. Nb2 ({
Both players agreed that} 24. c5 {would have been best. Giri feared that it
would be too little. Indeed, Black gets some counterplay after} d5 25. b4 a5
26. a3 {it would be not easy to break Black's fortress.} gxf4 27. exf4 Ra8 {
but this would have been the way to play.}) 24... d5 $1 {Another black pawn
reaches the fifth rank. After four minutes of thinking, Giri thought that he
had found a tactical flaw in Black's play.} 25. fxg5 (25. cxd5 $2 {runs into}
Nxd5 ({Even better than} 25... Nb4 {as analysed during the press conference.})
26. Bxd5 (26. Bxg7 Nxe3 $1 $17) 26... Nb4 $1 27. Rcd2 Bxc3 28. Nxc3 Rxc3 $17) (
25. Bxf6 Bxf6 26. cxd5 Nb4 27. Rxc8 Rxc8 $132) (25. c5 $1 {would still have
been best, but White's position would be less stable than in the similar line
above after} b4 26. Be1) 25... hxg5 26. Rf1 $2 (26. c5 $11 {would still be OK.}
) 26... bxc4 $1 {White is allowed to win a piece, but this would cause him to
lose coordination completely. At the same time, all Black's pieces are very
active and in full harmony with each other.} 27. Bxf6 ({Or if} 27. bxc4 Nb4 $1
28. Rd2 dxc4 29. Bxf6 (29. Rxf6 Nxa2) 29... Bxf6 30. Rxf6 c3 31. Nxc3 Rxc3 32.
Nd1 Ra3 33. Rff2 {as analysed during the press conferecnce,} Rc8 $17 {looks
the clearest way to paralyse White.}) 27... Bxf6 28. Rxf6 Nb4 29. Rd2 ({Or if} 
29. Rc1 Nxa2 30. Ra1 cxb3 {and the black pawns are unstoppable.}) 29... c3 30.
Nxc3 Rxc3 31. Nd1 Rc1 $17 {/-+ The material is equal, but Black has the better
structure and higher activity. Both white minor pieces are very passive.
Ironically, the knights that had made some very elegant moves in the first
phase of the queenless middlegame became sort of a major problem once the
position got opened!} 32. Kh2 (32. Rf1 Bb5 33. Re1 Nc2 $19) 32... Nxa2 33. Nf2
Nc3 {The rest is not too difficult.} 34. h4 gxh4 35. g5 Rxb3 36. g6 Kg7 37.
gxf7 Bxf7 38. Rf4 Bg6 39. e4 h3 40. Nxh3 Nxe4 41. Ra2 Bf5 42. Ng1 Rb8 43. Rh4
Ng5 44. Ra3 Rc4 0-1

[Event "Ciocaltea Memorial"]
[Site "Bucharest"]
[Date "1999.03.11"]
[Round "8"]
[White "Badea, Bela"]
[Black "Vajda, Levente"]
[Result "1/2-1/2"]
[WhiteElo "2479"]
[BlackElo "2484"]
[Annotator "Marin,M"]
[PlyCount "60"]
[EventDate "1999.03.04"]
[EventType "tourn"]
[EventRounds "13"]
[EventCountry "ROU"]
[EventCategory "10"]
[SourceTitle "CBM 070"]
[Source "ChessBase"]
[SourceDate "1999.06.08"]
[SourceVersion "1"]
[SourceVersionDate "1999.06.08"]
[SourceQuality "1"]

1. Nf3 Nf6 2. g3 g6 3. b3 Bg7 4. Bb2 O-O 5. Bg2 d6 6. d4 Nbd7 (6... e5 7. dxe5
Nfd7 $13) 7. d5 (7. O-O) 7... e6 8. dxe6 fxe6 9. O-O a5 10. c4 a4 11. b4 Qe7
12. a3 Nb6 13. Nbd2 e5 14. Ne1 c6 15. Rc1 Be6 $6 (15... d5 $142) 16. c5 dxc5
17. Rxc5 Nbd7 18. Rc1 Bh6 19. Qc2 Bd5 20. Qc3 Bxg2 21. Nxg2 Nd5 22. Qc2 e4 $6
23. Nxe4 $1 $36 Bxc1 24. Rxc1 Rae8 25. f3 Ne5 26. Qxa4 (26. Bd4 $5) 26... Rxf3
27. Bxe5 Rf5 28. Nd6 Rxe5 29. Nxe8 Rxe2 30. Qa8 Rxg2+ 1/2-1/2

[Event "Sautron op 14th"]
[Site "Sautron"]
[Date "2014.11.01"]
[Round "9"]
[White "Bailet, Pierre"]
[Black "Terrieux, Kevin"]
[Result "1/2-1/2"]
[WhiteElo "2485"]
[BlackElo "2409"]
[Annotator "RR"]
[PlyCount "49"]
[EventDate "2014.10.26"]
[EventType "swiss"]
[EventRounds "9"]
[EventCountry "FRA"]
[SourceTitle "EXT 2015"]
[Source "ChessBase"]
[SourceDate "2014.11.20"]
[SourceVersion "1"]
[SourceVersionDate "2014.11.20"]
[SourceQuality "1"]
[TimeControl "40/5400+30:1800+30"]

1. Nf3 Nf6 2. g3 g6 3. Bg2 Bg7 4. O-O O-O 5. d4 d6 6. Nbd2 {Une ligne
secondaire solide mais pas très ambitieuse} Nbd7 7. e4 e5 8. dxe5 (8. c3 Re8
9. Re1 b6 $11) 8... Nxe5 9. Nxe5 dxe5 10. Nc4 Qe7 11. Qe2 {[%cal Gf1d1]} (11.
b3 Rd8 12. Qe2 b6 13. Ba3 Qe6 14. Nb2 Bf8 15. Bxf8 Rxf8 16. Rfd1 Bb7 17. Qc4
Qe7 18. Rd2 Rad8 19. Rxd8 Rxd8 20. Rd1 Rxd1+ 21. Nxd1 Qd6 22. Ne3 Kg7 23. f3
Qd2 24. Nf1 Qd6 25. Ne3 Qd2 26. Nf1 Qd6 {1/2-1/2 (26) Huebner,R (2603)
-Kotronias,V (2607) Penne 2004}) 11... b6 12. Re1 $146 (12. Ne3 Bb7 13. f3 Rfd8
14. Re1 a5 15. Bd2 Qe6 16. Bc3 Bf8 17. Qc4 Qe7 18. Bf1 c6 19. a4 Qc7 20. Rad1
Bc5 21. Kg2 Qe7 22. Qb3 Rxd1 23. Nxd1 Bb4 24. Nf2 Nd7 25. Nd3 c5 26. Nf2 Nb8
27. Bxb4 axb4 28. c3 Nc6 29. Bb5 Na5 30. Qc2 b3 31. Qe2 Rd8 32. Rd1 Bc8 33.
Rxd8+ Qxd8 34. Nd1 Be6 35. Ne3 h5 36. h4 Qd6 37. Kf2 c4 38. Ke1 Qc5 39. Qf2 Qc8
40. Nd5 Bxd5 41. exd5 Qd8 {Karpov,A (2760)-Kotronias,V (2590) Athens 1997 1/
2-1/2}) (12. Rd1 Bg4 13. f3 Be6 14. Ne3 Rad8 15. Bd2 Rd7 16. Bc3 Qc5 17. Rxd7
Nxd7 18. Rd1 (18. Kh1)) 12... Bb7 13. b3 Rfd8 14. Bb2 Nd7 15. Rad1 (15. a4)
15... Nc5 16. f3 f6 17. a4 a5 18. Rxd8+ {Le début d'une simplification pour
jouer le minimum des 25 coups et annuler cette dernière partie.} Rxd8 19. Rd1
Rxd1+ 20. Qxd1 Qd7 21. Qxd7 Nxd7 22. Kf2 Kf7 23. Bf1 Bf8 24. Ne3 Bc5 25. Bc4+
1/2-1/2

[Event "POL-chT 66th"]
[Site "Katowice"]
[Date "2010.09.06"]
[Round "3"]
[White "Dziuba, Marcin"]
[Black "Krasenkow, Michal"]
[Result "1/2-1/2"]
[WhiteElo "2579"]
[BlackElo "2622"]
[Annotator "RR"]
[PlyCount "109"]
[EventDate "2010.09.04"]
[EventType "team-tourn"]
[EventRounds "9"]
[EventCountry "POL"]
[SourceTitle "EXT 2016"]
[Source "ChessBase"]
[SourceDate "2015.10.08"]
[SourceVersion "1"]
[SourceVersionDate "2015.10.08"]
[SourceQuality "1"]
[WhiteTeam "Lublin"]
[BlackTeam "Gorzow Wielkopolski"]
[WhiteTeamCountry "POL"]
[BlackTeamCountry "POL"]

1. d4 Nf6 2. c4 g6 3. g3 c6 4. Nf3 Bg7 5. Bg2 O-O 6. O-O d5 7. b3 (7. Nbd2)
7... dxc4 8. bxc4 c5 9. Bb2 cxd4 10. Nxd4 Nbd7 (10... Qb6 11. Qb3 Na6 12. Qxb6
axb6 13. Nb5 Nc5 14. Nd2 Bg4 15. Rfe1 Rfc8 16. Nb3 Ra4 17. Nxc5 Rxc5 18. e3
Rcxc4 19. Bd4 Rc2 20. Bxb6 Bd7 21. Nd4 Rcxa2 22. Rab1 Ng4 23. Rf1 Bh6 24. Nb5
Rc2 25. h3 Ne5 26. Nd4 Rca2 27. Nb5 Rd2 28. Nc3 Rc4 29. Bd4 Nc6 30. Ne4 Rdc2
31. Bb6 Bf8 32. g4 Bc8 33. Ra1 Rb4 34. Rfb1 Rxb1+ 35. Rxb1 Bg7 36. Rd1 Bb2 37.
Rd3 h5 38. gxh5 gxh5 39. Rd5 h4 40. Ng5 {Tkachiev,V (2650)-Vachier Lagrave,M 
(2713) Caleta 2013 0-1}) 11. a4 $146 (11. Nb3 Qc7 {Barbero,G (2495)-Vogt,L 
(2510) Lenk op 1991 (7) 0-1}) 11... Nc5 {[%csl Rc4,Gc5]} 12. a5 {[%csl Rb7]} a6
13. Nc3 e6 (13... e5 14. Nc2 Nb3 $36) 14. Na4 Nfd7 $1 {[%cal Gd7c5]} 15. Bc3 (
15. Nb3 Bxb2 16. Nxb2 $11 {[%csl Rc4]}) 15... Qc7 16. Nb3 Bxc3 (16... e5 $143
17. Naxc5 Nxc5 18. Nxc5 Qxc5 19. Qb3 {[%cal Gc3b4,Gb4f8]}) 17. Nxc3 Rb8 18. Qc2
b6 19. axb6 Rxb6 20. Nxc5 Nxc5 $11 {[%csl Ra6,Rc4]} 21. Ne4 Nxe4 22. Bxe4 Qc5 (
22... Bb7 23. Rfd1 Rc8) 23. Qc3 Rb4 24. Rfc1 Rd8 25. Rd1 $1 {[%csl Rg8]} Rf8 (
25... Re8) 26. Rdc1 a5 27. Qe3 Qxe3 28. fxe3 a4 29. Bc6 Ba6 30. Rxa4 Rxa4 31.
Bxa4 Rc8 $44 {[%csl Re2,Re3]} 32. Bb3 Rb8 33. Rc3 Kf8 34. Kf2 Ke7 35. c5 Kd7
36. h4 Rb4 37. Bc2 Bb7 38. Rd3+ Kc6 $6 (38... Kc7 {[%csl Rc5] Semble plus
simple car le P"c5" est trés faible}) 39. Rd6+ Kxc5 40. Rd7 {[%csl Gd7]} f5
41. Rxh7 Be4 (41... Bc6 42. Rg7 Rg4 $44) 42. Bxe4 Rxe4 43. Rh6 $6 (43. Rg7 $142
{Plus actif} Rg4 44. Kf3 Kd6 (44... e5 45. e4 $1 {[%csl Rc5]} Kd6 46. exf5 gxf5
47. Rxg4 fxg4+ 48. Kxg4 $18 {[%csl Gh4]}) 45. e4 Ke5 46. exf5 exf5 47. Ra7 {
[%csl Re5] C'est probablement nulle mais les Blancs peuvent torturer les Noirs
très longtemps}) 43... Rg4 44. Kf3 Kd6 45. e4 $1 Ke7 46. exf5 exf5 47. e4 Kf7
48. exf5 gxf5 49. Ra6 Kg7 50. Ra1 Kg6 51. Rf1 Kg7 52. Kg2 Kg6 53. Kh3 Kf6 54.
Kg2 Kg6 55. Rf3 1/2-1/2

[Event "Rohde op 12th"]
[Site "Sautron"]
[Date "2012.11.??"]
[Round "9"]
[White "Ider, Borya"]
[Black "Arnaudov, Petar G"]
[Result "1/2-1/2"]
[WhiteElo "2394"]
[BlackElo "2471"]
[Annotator "RR"]
[PlyCount "62"]
[EventDate "2012.10.27"]
[EventType "swiss"]
[EventRounds "9"]
[EventCountry "FRA"]
[SourceTitle "EXT 2014"]
[Source "ChessBase"]
[SourceDate "2013.11.20"]
[SourceVersion "1"]
[SourceVersionDate "2013.11.20"]
[SourceQuality "1"]

1. d4 Nf6 2. Nf3 g6 3. g3 Bg7 4. Bg2 O-O 5. O-O d6 6. a4 Nbd7 (6... a5) 7. a5
a6 8. Nc3 ({Pertinent:} 8. c4 e5 9. Nc3 exd4 10. Nxd4 Ne5 11. b3 c5 12. Nc2 Nc6
13. Ra4 Nxa5 14. b4 cxb4 15. Rxb4 Be6 16. Na4 Nxc4 17. Bxb7 Rb8 18. Bg2 Qc7 19.
Rxb8 Rxb8 20. Nd4 Bd7 21. Qc2 Rc8 22. Nc3 Ne5 23. Bb2 Qb6 24. e3 Nc4 25. Ba1
Ne5 26. Qa2 a5 27. Rb1 Qc5 28. Nb3 Qc4 29. Nxa5 Qd3 30. Qb3 Bg4 31. Nd5 Nxd5
32. Bxd5 Qxb3 33. Nxb3 Bf5 34. Rc1 Rxc1+ 35. Nxc1 Nf3+ 36. Bxf3 Bxa1 37. Kg2
Be5 {Vidit,S (2492)-Mamedov,R (2660) Pardubice 2010 1/2-1/2}) 8... c5 9. h3
$146 (9. e4 {Transpose dans une structure sicilienne} cxd4 {Sosonko,G (2430)
-Browne,W (2530) Hoogovens Wijk aan Zee 1974 (11) 1/2}) 9... cxd4 10. Nxd4 Qc7
11. f4 e6 12. Be3 d5 13. Kh2 b6 14. Nb3 b5 15. Bd4 Bb7 16. Qd3 e5 17. Bb6 $6
Nxb6 18. axb6 Qxb6 19. fxe5 (19. Na5 $2 e4 $40) 19... Nd7 20. Nxd5 Bxd5 21.
Qxd5 Ra7 22. Rxf7 $1 Rxf7 23. e6 Nf6 (23... Bxb2) 24. exf7+ Rxf7 25. Qa8+ Rf8
26. Qxa6 Qe3 27. Qxb5 Ng4+ $2 28. hxg4 Be5 29. Qd3 $2 (29. Bd5+ Kg7 30. Qd3
Rf2+ 31. Kg1 (31. Kh3 Qh6#) 31... Qxd3 32. cxd3 Rxe2) 29... Bxg3+ 30. Kh3 Qh6+
31. Kxg3 Qf4+ 1/2-1/2